000
00316nam a22001217a 4500
008
181003b xxu||||| |||| 00| 0 eng d
041
_a
eng
080
_a
101
100
_a
24
101
_a
Fil
245
_a
The Polish Academy Of Sciences Institute Of Philosophy And Sociology
_c
Andorka.r
942
_2
udc
_c
BK
999
_c
48787
_d
48787